000
00275nam a2200097Ia 4500
008
221030s9999 xx 000 0 und d
245
0
_a
Performance Appraisal System of CII Corporate Members
260
_b
Mind Bridge Asia
_a
Chandigarh
_c
2011
650
_a
Management
942
_c
TH
999
_c
14875
_d
14875